Điều lệ Đảng Cộng sản Việt Nam : Đại hội Đại biểu toàn quốc lần thứ X thông qua ngày 25 tháng 4 năm 2006
Tài liệu đề cập đến những điều lệ đảng viên, công tác tổ chức, kiểm tra và giám sát, khen thưởng và kỷ luật, vấn đề tài chính, và vấn đề chấp hành điều lệ Đảng trong tổ chức Đảng....
Guardado en:
| Formato: | Libro |
|---|---|
| Lenguaje: | Undetermined |
| Publicado: |
Hà Nội
Chính trị Quốc gia
2006
|
| Materias: | |
| Etiquetas: |
Agregar Etiqueta
Sin Etiquetas, Sea el primero en etiquetar este registro!
|
| Thư viện lưu trữ: | Trung tâm Học liệu Trường Đại học Cần Thơ |
|---|
| LEADER | 00928nam a2200181Ia 4500 | ||
|---|---|---|---|
| 001 | CTU_153846 | ||
| 008 | 210402s9999 xx 000 0 und d | ||
| 082 | |a 324.2597075 | ||
| 082 | |b Đ309 | ||
| 245 | 0 | |a Điều lệ Đảng Cộng sản Việt Nam : | |
| 245 | 0 | |b Đại hội Đại biểu toàn quốc lần thứ X thông qua ngày 25 tháng 4 năm 2006 | |
| 260 | |a Hà Nội | ||
| 260 | |b Chính trị Quốc gia | ||
| 260 | |c 2006 | ||
| 520 | |a Tài liệu đề cập đến những điều lệ đảng viên, công tác tổ chức, kiểm tra và giám sát, khen thưởng và kỷ luật, vấn đề tài chính, và vấn đề chấp hành điều lệ Đảng trong tổ chức Đảng. | ||
| 650 | |a Communist parties,Political parties | ||
| 904 | |i Bạch Trúc | ||
| 980 | |a Trung tâm Học liệu Trường Đại học Cần Thơ | ||